Vista normal
Vista MARC
Entrada Personal Name
Número de registros utilizados en: 3
001 - CONTROL NUMBER
- control field: 2038
003 - CONTROL NUMBER IDENTIFIER
- control field: OSt
005 - DATE AND TIME OF LATEST TRANSACTION
- control field: 20230515193020.0
008 - FIXED-LENGTH DATA ELEMENTS
- fixed length control field: 230515|| aca||aabn | a|a d
040 ## - CATALOGING SOURCE
- Original cataloging agency: OSt
- Transcribing agency: OSt
100 ## - HEADING--PERSONAL NAME
- Personal name: Da Vinci, Leonardo
- Dates associated with a name: 1452-1519
- General subdivision: Trabajos decorativos
670 ## - SOURCE DATA FOUND
- Source citation: Work cat.: (OSt)0: Morley, Jacqueline autora 2037, No te gustaría ser Leonardo da Vinci!